<?xml version="1.0" encoding="UTF-8"?>
<record
    xmlns:xsi="http://www.w3.org/2001/XMLSchema-instance"
    xsi:schemaLocation="http://www.loc.gov/MARC21/slim http://www.loc.gov/standards/marcxml/schema/MARC21slim.xsd"
    xmlns="http://www.loc.gov/MARC21/slim">

  <leader>00698nam a22001937a 4500</leader>
  <datafield tag="999" ind1=" " ind2=" ">
    <subfield code="c">189722</subfield>
    <subfield code="d">189722</subfield>
  </datafield>
  <controlfield tag="005">20220711164150.0</controlfield>
  <datafield tag="010" ind1=" " ind2=" ">
    <subfield code="a">UR-11641</subfield>
  </datafield>
  <datafield tag="020" ind1=" " ind2=" ">
    <subfield code="a">9789392496400</subfield>
    <subfield code="c">380.00</subfield>
  </datafield>
  <datafield tag="035" ind1=" " ind2=" ">
    <subfield code="a">U-10196</subfield>
  </datafield>
  <datafield tag="037" ind1=" " ind2=" ">
    <subfield code="b">DBAD/PUB</subfield>
    <subfield code="a">-</subfield>
  </datafield>
  <datafield tag="082" ind1=" " ind2=" ">
    <subfield code="a">841.08</subfield>
  </datafield>
  <datafield tag="100" ind1=" " ind2=" ">
    <subfield code="a">&#x627;&#x634;&#x641;&#x627;&#x642; &#x627;&#x62D;&#x645;&#x62F; &#x639;&#x645;&#x631;</subfield>
  </datafield>
  <datafield tag="245" ind1=" " ind2=" ">
    <subfield code="a">&#x200F;&#x627;&#x631;&#x62F;&#x648; &#x632;&#x628;&#x627;&#x646; &#x6A9;&#x6D2; &#x627;&#x645;&#x62A;&#x6CC;&#x627;&#x632;&#x627;&#x62A; :</subfield>
    <subfield code="b">&#x639;&#x6C1;&#x62F; &#x63A;&#x627;&#x644;&#x628; &#x633;&#x6D2; &#x639;&#x635;&#x631; &#x62D;&#x627;&#x636;&#x631; &#x62A;&#x6A9; /</subfield>
    <subfield code="c">&#x627;&#x634;&#x641;&#x627;&#x642; &#x627;&#x62D;&#x645;&#x62F; &#x639;&#x645;&#x631;</subfield>
  </datafield>
  <datafield tag="246" ind1=" " ind2=" ">
    <subfield code="a">Udu Zaban ke Imteyazaat /</subfield>
    <subfield code="b">by Ashfaq Ahmad Umar</subfield>
  </datafield>
  <datafield tag="260" ind1=" " ind2=" ">
    <subfield code="a">New Delhi</subfield>
    <subfield code="b">Educational Publishing House</subfield>
    <subfield code="c">2022 &#x621;  </subfield>
  </datafield>
  <datafield tag="270" ind1=" " ind2=" ">
    <subfield code="a">H.o. D1/16, Ansari Road, Daryaganj</subfield>
    <subfield code="b">New Delhi</subfield>
    <subfield code="e">110002</subfield>
  </datafield>
  <datafield tag="300" ind1=" " ind2=" ">
    <subfield code="a">264 &#x635;</subfield>
    <subfield code="c">22cm(Hb)</subfield>
  </datafield>
  <datafield tag="942" ind1=" " ind2=" ">
    <subfield code="2">ddc</subfield>
    <subfield code="c">UR</subfield>
    <subfield code="h">841.08</subfield>
    <subfield code="m">&#x627; &#x634; &#x641;</subfield>
  </datafield>
  <datafield tag="952" ind1=" " ind2=" ">
    <subfield code="0">0</subfield>
    <subfield code="1">0</subfield>
    <subfield code="4">0</subfield>
    <subfield code="7">0</subfield>
    <subfield code="8">NFIC</subfield>
    <subfield code="a">L</subfield>
    <subfield code="b">L</subfield>
    <subfield code="d">2022-07-11</subfield>
    <subfield code="e">DBAD/PUB</subfield>
    <subfield code="g">380.00</subfield>
    <subfield code="l">0</subfield>
    <subfield code="o">841.08 &#x627; &#x634; &#x641;</subfield>
    <subfield code="p">U-10196</subfield>
    <subfield code="r">2022-07-11 00:00:00</subfield>
    <subfield code="t">1</subfield>
    <subfield code="v">380.00</subfield>
    <subfield code="w">2022-07-11</subfield>
    <subfield code="y">UR</subfield>
  </datafield>
</record>
